| 000 | 01148nam a2200313 i 4500 | ||
|---|---|---|---|
| 005 | 20260331165211.0 | ||
| 008 | 260331t20242024my ob gr 000 0bmay d | ||
| 020 |
_a9786299922605 _cRM43.00 _qpaperback |
||
| 040 |
_aPPAK _beng _cPPAK _erda |
||
| 082 | 0 | 4 |
_223 _a910.4 |
| 090 | 0 | 0 |
_a910.4 _bNOR _dG |
| 100 | 0 |
_aNoraini Omar, _eauthor. |
|
| 245 | 1 | 0 |
_aKOTA WARISAN AL-FATIH : _bTravelog Turkiye-Balkan / _cNoraini Omar ; Editor : Mohd Yatim Dolir |
| 264 | 1 |
_aKota Bharu, Kelantan : _bNoraini Omar, _c[2024] |
|
| 264 | 4 | _c©2024 | |
| 300 |
_axviii, 144 pages : _bcolour photographs, colour maps ; _c21 cm |
||
| 336 |
_atext _2rdacontent |
||
| 337 |
_aunmediated _2rdamedia |
||
| 338 |
_avolume _2rdacarrier |
||
| 650 | 1 | 0 | _aTravelers' writings, Malaysian |
| 650 | 2 | 0 |
_aTravelers' writings, Malaysian _zTurkey |
| 650 | 2 | 0 |
_aTravel writing _zBalkan Peninsula |
| 650 | 2 | 0 | _aVoyages and travels |
| 650 | 2 | 0 |
_aTravel _vAnecdotes |
| 651 | 0 |
_aTurkey _xDescription and travel |
|
| 651 | 0 |
_aBalkan Peninsula _xDescription and travel |
|
| 700 | 0 |
_aMohd. Yatim Dolir, _d1952-, _eeditor. |
|
| 942 |
_2ddc _cB |
||
| 999 |
_c203612 _d203612 |
||